| 000 | 00516nam a22001697a 4500 | ||
|---|---|---|---|
| 005 | 20251108165410.0 | ||
| 008 | 250721s1998 xx 000 0 ara d | ||
| 082 | 1 | 4 | _aم/646.43/خيا |
| 245 | 1 | 0 | _aالخياطة الراقية للجاكيت و المعطف من سنجر / |
| 264 | 1 |
_aبيروت : _c1998. |
|
| 300 | _a95ص | ||
| 650 | 1 | 7 | _aصناعة الملابس |
| 650 | 1 | 7 | _aالملابس الخارجية |
| 710 | 2 | _aمركز التعريب و البرمجة | |
| 942 |
_2ddc _cREF |
||
| 999 |
_c26974 _d26974 |
||